Fundamentals of Project Management 5/e

Uloženo v:
Podrobná bibliografie
Hlavní autor: Heagney
Médium: Kniha
Vydáno: Amacom
Tagy: Přidat tag
Žádné tagy, Buďte první, kdo vytvoří štítek k tomuto záznamu!

MARC

LEADER 00000nam a2200000Ia 4500
005 20260513122051.0
020 |a 9780814437360 
100 |a Heagney 
365 |c Rs. 
365 |b 20.00 
942 |c BK 
245 |a Fundamentals of Project Management 5/e 
260 |b Amacom 
999 |c 61  |d 61 
952 |0 0  |1 0  |4 0  |7 0  |a UNSW  |b UNSW  |d 2026-05-06  |g 799.00  |i 16687  |l 0  |p 000097  |r 2026-05-13 12:20:52  |v 799.00  |w 2026-05-13  |y BK 
952 |0 0  |1 0  |4 0  |7 0  |a UNSW  |b UNSW  |d 2026-05-06  |g 799.00  |i 16682  |l 0  |p 000136  |r 2026-05-13 12:20:52  |v 799.00  |w 2026-05-13  |y BK